00759nam a2200181Ia 4500008004100000020001800041050001900059100001600078245002600094260002000120300001100140440002100151650008800172952010800260952009600368952009600464999001700560120626s9999 xx 000 0 und d a968-867-119-3 aPA3893 P5 2001 aARISTOTELES aPoetica / Aristoteles aMexico: COLOFON a134 p. aBiblioteca nueva a1. Estetica - Trabajos anteriores a 1800 2. Poesia -Obras anteriores a 1800ÌÌ 00104070a11b11d2007-01-08l1oPA3893 P5 2001p11 005846r2013-05-31s2013-05-31t1w2012-06-26yLB 00104070a11b11d2007-01-08l0oPA3893 P5 2001p11 005847r2012-06-26t2w2012-06-26yLB 00104070a11b11d2007-01-08l0oPA3893 P5 2001p11 005848r2012-06-26t3w2012-06-26yLB c71332d71332